| 000 | 01622nam a2200217Ia 4500 | ||
|---|---|---|---|
| 999 |
_c40244 _d40244 |
||
| 003 | Ge_BSU | ||
| 005 | 20200211112619.0 | ||
| 008 | 181216s1976||||ge |||||||||||||| ||geo|| | ||
| 041 | _ageo | ||
| 080 | _a82-93 გ-59 | ||
| 100 |
_aგოგებაშვილი, იაკობ. _96968 |
||
| 245 |
_aიავნანამ რა ჰქმნა? : _bმოთხრობა / _cიაკობ გოგებაშვილი ; ინგ. ტექსტის რედ. მერი სინთა კარდაილი ; ფრანგ. ტექსტის რედ. ელენე ციციშვილი ; გერმანული ტესტის რედ. მანფრედ გორკი ; მხატვ. : ალ. სლავინსკი, ო. ქოჩაკიძე, ი. ჩიკვაიძე. |
||
| 264 |
_aთბილისი : _bგანათლება, _c1976. |
||
| 300 |
_a94 გვ. : _bილ. ; _c26 სმ. |
||
| 653 | _aიავნანამ რა ჰქმნა? | ||
| 653 | _aმოთხრობა | ||
| 700 |
_aსინთა კარდაილი, მერი _eინგლისური ტექსტის რედაქტორი _96969 |
||
| 700 |
_aციციშვილი, ელენე _eფრანგული ტექსტის რედაქტორი _96970 |
||
| 700 |
_aგორკი, მანფრედ _eგერმანული ტექსტის რედაქტორი _96971 |
||
| 942 |
_cBK _2udc |
||